Statistiken für Fünf bevölkerungsreichste Länder pro Kontinent

Klicken Sie hier um das Quiz zu spielen!

Allgemein

  • Dieses Quiz wurde 9.549 mal gespielt
  • Das Durchschnittsergebnis liegt bei 23 aus 30

Antwortstatistiken

BevölkerungLand% Korrekt
Europa82,8 Mio.Deutschland
99%
Asien1,383 Mrd.China
98%
Nordamerika325 Mio.Vereinigte Staaten
97%
Europa113 Mio.Russland
97%
Europa64,9 Mio.Frankreich
97%
Nordamerika124 Mio.Mexiko
95%
Asien1,316 Mrd.Indien
95%
Südamerika208 Mio.Brasilien
94%
Nordamerika36,6 Mio.Kanada
94%
Ozeanien24,5 Mio.Australien
93%
Südamerika44 Mio.Argentinien
90%
Europa60,6 Mio.Italien
90%
Ozeanien4,78 Mio.Neuseeland
90%
Europa65,1 Mio.Vereinigtes Königreich
85%
Afrika93,0 Mio.Ägypten
80%
Südamerika49 Mio.Kolumbien
79%
Südamerika32 Mio.Peru
78%
Asien264 Mio.Indonesien
77%
Afrika192 Mio.Nigeria
75%
Afrika82,2 Mio.D.R. Kongo
73%
Südamerika31 Mio.Venezuela
71%
Ozeanien8,15 Mio.Papua-Neuguinea
61%
Asien197 Mio.Pakistan
60%
Ozeanien869 Tsd.Fidschi
54%
Asien163 Mio.Bangladesch
53%
Afrika104 Mio.Äthiopien
50%
Nordamerika16,2 Mio.Guatemala
48%
Nordamerika11,2 Mio.Haiti
33%
Ozeanien642 Tsd.Salomonen
33%
Afrika56,9 Mio.Tansania
28%

Verteilung der Resultate

Perzentil nach korrekt beantworteten Fragen

Anzahl Personen mit jedem Resultat

Ihre Resultats-Entwicklung

Sie haben dieses Quiz noch nicht gespielt